Galvanized iron pipe wanted in Uruguay.

Bibliographic Details
Format: Government Document eBook
Language:English
Published: Washington, D.C. : [publisher not identified], 1916.
Series:Foreign and Domestic Commerce Bur. Confidential Circ. No. 873
Subjects:
Online Access:Connect to the full text of this electronic document

MARC

Tag First Indicator Second Indicator Subfields
LEADER 00000cam a22000001a 4500
001 in00003689757
006 m o d f
007 cr bn mmmapmmp
008 040714s1916 dcu o f000 0 eng d
005 20260611145314.5
035 |a ebd1910204964 
040 |a UMI  |c UMI  |d UtOrBLW 
086 0 |a C 18.23:873 
099 |a C18.23-873 
245 0 0 |a Galvanized iron pipe wanted in Uruguay. 
264 1 |a Washington, D.C. :  |b [publisher not identified],  |c 1916. 
300 |a 1 online resource (1 pages) 
336 |a text  |b txt  |2 rdacontent 
337 |a computer  |b c  |2 rdamedia 
338 |a online resource  |b cr  |2 rdacarrier 
490 0 |a Foreign and Domestic Commerce Bur. Confidential Circ. No. 873 
500 |a [Announcement of opportunity for U.S. exporters] 
500 |a Record is based on bibliographic data in ProQuest U.S. Executive Branch Documents, 1910-1932. Reuse except for individual research requires license from ProQuest, LLC. 
533 |a Electronic reproduction.  |b [Bethesda, Md.] :  |c ProQuest,  |d 2012.  |e digital, PDF file.  |n ProQuest U.S. Executive Branch Documents, 1910-1932.  |n Mode of access: World Wide Web via ProQuest website. 
538 |a System requirements: PDF reader software. 
500 |a Electronic resource. 
650 0 |a Iron pipe.  |0 http://id.loc.gov/authorities/subjects/sh85102342 
655 7 |a Electronic books.  |2 local 
776 1 8 |i Microfiche version:  |t Galvanized iron pipe wanted in Uruguay  |o CIS US Exec MF C18.23-873  |w (ProQuest)cis19124471 
856 4 0 |u http://proxy.library.tamu.edu/login?url=https://congressional.proquest.com/congressional/docview/t66.d71.c18.23-873  |z Connect to the full text of this electronic document  |t 0 
999 f f |s c27fdee2-4b42-307a-a635-bce8d354226a  |i 4f35614d-286c-37a3-935c-aedecaa368df  |t 0 
952 f f |a Texas A&M University  |b College Station  |c Electronic Resources  |s www_evans  |d Available Online  |t 0  |h No information provided 
998 f f |t 0  |l Available Online